000 00761nam a2200229Ii 4500
003 JO-AjNU
008 230605s9999||||xx |||||||||||||| ||und||
017 _a2008/4/1252
020 _a978-9957-454-50-0
040 _aJO-AjNU
_bara
_erda
_cJO-AjNU
041 _aara
050 1 4 _aBF408.N38.2009
100 3 _aنوفل، محمد بكر,
_eauthor
_946014
245 0 0 _aالابداع الجاد: مفاهيم وتطبيقات
250 _aط1
264 3 1 _aعمان:ديبونو للطباعة والنشر والتوزيع ،2009
300 _a479ص
336 _atext
_btxt
_2rdacontent
337 _aunmediated
_bn
_2rdamedia
338 _avolume
_bnc
_2rdacarrier
650 4 _aالابداعية-طرق التعلم-اساليب التعلم
_946015
999 _aA19988
_c23556
_d23556